BIBLIOTECA PODER JUDICIAL
Portal Judicial TDF

Relación de dependencia desde una perspectiva histórica / (Registro nro. 6378)

000 -LEADER
fixed length control field 01269nab a22002897a 4500
003 - CONTROL NUMBER IDENTIFIER
control field OSt
005 - DATE AND TIME OF LATEST TRANSACTION
control field 20260201145512.0
008 - FIXED-LENGTH DATA ELEMENTS--GENERAL INFORMATION
fixed length control field 190506c xxu||||| |||| 00| 0 spa d
040 ## - CATALOGING SOURCE
Transcribing agency PJ
100 ## - MAIN ENTRY--PERSONAL NAME
9 (RLIN) 7019
Personal name Carbonero, Natalia Jacqueline
245 10 - TITLE STATEMENT
Title Relación de dependencia desde una perspectiva histórica /
Statement of responsibility, etc Natalia Jacqueline Carbonero, Federico Savizki.
260 ## - PUBLICATION, DISTRIBUTION, ETC. (IMPRINT)
Place of publication, distribution, etc Buenos Aires :
Name of publisher, distributor, etc AbeledoPerrot,
Date of publication, distribution, etc 2023.
300 ## - PHYSICAL DESCRIPTION
Extent p. 14-17
500 ## - GENERAL NOTE
General note Cita: TR LALEY AR/DOC/1462/2023
505 ## - FORMATTED CONTENTS NOTE
Formatted contents note Sumario: I. Antecedentes históricos del trabajo y evolución.— II. Hacia una noción de dependencia.— III. Análisis de los fallos de la CSJN "Cairone" y "Rica".— IV. Bibliografía.
505 ## - FORMATTED CONTENTS NOTE
Title ¿Te interesa el texto completo? Comunicate al correo: koha@justierradelfuego.gov.ar
650 #0 - SUBJECT ADDED ENTRY--TOPICAL TERM
9 (RLIN) 1316
Topical term or geographic name as entry element DERECHO LABORAL
650 #0 - SUBJECT ADDED ENTRY--TOPICAL TERM
9 (RLIN) 1803
Topical term or geographic name as entry element RELACIONES LABORALES
650 #0 - SUBJECT ADDED ENTRY--TOPICAL TERM
9 (RLIN) 4428
Topical term or geographic name as entry element RELACIÓN DE DEPENDENCIA
650 #0 - SUBJECT ADDED ENTRY--TOPICAL TERM
9 (RLIN) 1803
Topical term or geographic name as entry element RELACIONES LABORALES
650 #0 - SUBJECT ADDED ENTRY--TOPICAL TERM
9 (RLIN) 1577
Topical term or geographic name as entry element DISCRIMINACION LABORAL
650 #0 - SUBJECT ADDED ENTRY--TOPICAL TERM
9 (RLIN) 5130
Topical term or geographic name as entry element VIOLENCIA LABORAL
650 #0 - SUBJECT ADDED ENTRY--TOPICAL TERM
Topical term or geographic name as entry element MOBBING
9 (RLIN) 1578
700 ## - ADDED ENTRY--PERSONAL NAME
9 (RLIN) 7020
Personal name Savizki, Federico
773 0# - HOST ITEM ENTRY
Host Biblionumber 2751
Host Itemnumber 3202
Place, publisher, and date of publication Buenos Aires : AbeledoPerrot, 2013-
Title Revista de derecho laboral y seguridad social. Nº 15- Agosto 2023
942 ## - ADDED ENTRY ELEMENTS (KOHA)
Source of classification or shelving scheme
Koha item type Analítica Artículo de Revista

No hay ítems disponibles.

12 de Octubre 789 Ushuaia - Tel:  54(02901)441571
Horario de Atención: 8.00 a 17.00 hs. 
bibliotecaush@justierradelfuego.gov.ar
koha@justierradelfuego.gov.ar
Seguinos en nuestras redes @bibliojustdf 

Con tecnología Koha